Nghiên cứu tổng hợp vật liệu ZIF-8 (Zn, Fe)

Saved in:
Bibliographic Details
Main Author: Mai, Thị Thanh
Other Authors: Nguyễn, Phi Hùng
Format: Book
Language:Undetermined
Subjects:
Online Access:http://lrc.tdmu.edu.vn/opac/search/detail.asp?aID=2&ID=23716
Tags: Add Tag
No Tags, Be the first to tag this record!
Institutions: Trung tâm Học liệu Trường Đại học Thủ Dầu Một
LEADER 00691nam a2200157Ia 4500
001 TDMU_23716
008 210410s9999 xx 000 0 und d
082 |a 543 
100 |a Mai, Thị Thanh 
245 0 |a Nghiên cứu tổng hợp vật liệu ZIF-8 (Zn, Fe) 
245 0 |c Mai Thị Thanh, Nguyễn Phi Hùng, Hoàng Văn Đức, Đinh Quang Khiếu 
300 |a Tr.57--62 
650 |a Hóa học phân tích  |x Vật liệu ZIF-8; Vật liệu; Biến tính; Nghiên cứu 
700 |a Nguyễn, Phi Hùng 
856 |u http://lrc.tdmu.edu.vn/opac/search/detail.asp?aID=2&ID=23716 
980 |a Trung tâm Học liệu Trường Đại học Thủ Dầu Một